| 000 | 01020nac a22003017a 4500 | ||
|---|---|---|---|
| 001 | BR8602971 | ||
| 003 | BR-BrBNA | ||
| 005 | 20240105120428.0 | ||
| 008 | 230509b bl.|||m| |||| 00| 0 por d | ||
| 040 |
_aBR-BrBNA _bpor _cBiblioteca Nacional de Agricultura |
||
| 072 | _aN10 | ||
| 090 | _a4430 BR8602971 | ||
| 100 | 1 | _aPerdomo, C.C. | |
| 100 | 1 | _aNicolaiewsky, S. | |
| 110 | 1 | _aCentro Nacional de Pesquisa de Suinos e Aves, Concordia, SC (Brasil) | |
| 245 | 1 | _aCaracteristicas das construcoes para suinos utilizadas no sul do Brasil | |
| 246 | 1 | _a[Characteristics of buildings for pigs used in Brazil] | |
| 260 | 3 |
_aConcordia, SC (Brasil): _c1986. |
|
| 300 | _a5 p. | ||
| 490 |
_aComunicado Tecnico - Centro Nacional de Pesquisa de Suinos e Aves (Brazil) _vno. 101 _xISSN 0100-8862 |
||
| 650 | _aSUINO | ||
| 650 | _aINSTALACAO PARA ANIMAL | ||
| 650 | _aPARANA | ||
| 650 | _aSANTA CATARINA | ||
| 650 | _aRIO GRANDE DO SUL | ||
| 909 |
_a202312 _bLúcia Elande _c55 _dLúcia Elande |
||
| 942 |
_2AGRIS _n0 _cMS |
||
| 999 |
_c279393 _d279393 |
||